Statistics for Hyphenated Countries and Capitals

Click here to take the quiz!

General Stats

  • This quiz has been taken 123 times
  • The average score is 2 of 5

Answer Stats

Answer% Correct
Guinea-Bissau
70%
Port-au-Prince
61%
Porto-Novo
51%
Nur-Sultan
22%
Port-of-Spain
20%

Score Distribution

Percentile by Number Answered

Percent of People with Each Score

Your Score History

You have not taken this quiz